Angličtina pro ekonomy

Gespeichert in:
Bibliographische Detailangaben
1. Verfasser: Irgl, Vladimír
Format: Buch
Sprache:Tschechisch
Veröffentlicht: Praha Stát. ped. nakl. 1990
Ausgabe:2. vyd.
Schriftenreihe:Učebnice pro vysoké školy
Tags: Tag hinzufügen
Keine Tags, Fügen Sie das erste Tag hinzu!

MARC

LEADER 00000nam a2200000 4500
001 c028321
005 20221215115723.7
041 0 |a cze 
044 |a CZ 
245 1 0 |a Angličtina pro ekonomy  |c Vladimír Irgl a kol. 
250 |a 2. vyd. 
264 1 |a Praha  |b Stát. ped. nakl.  |c 1990 
300 |a 306 s. 
490 1 |a Učebnice pro vysoké školy 
830 0 |a Učebnice pro vysoké školy 
100 1 |a Irgl, Vladimír